000 00317nam a2200133Ia 4500
008 191201s2013 xx 000 0 und d
100 _aFOROUZAN, Behrouz A
245 0 _aData Communications and Networking
250 _aRep
260 _c2013
_bTMH
_aN. delhi
300 _a1226
650 _aCSE
942 _2ddc
_cBB
_01
999 _c7624
_d7624